000 00347nam a2200169Ia 4500
100 _aAmbawade/Dayanand
650 _aLinux
942 _cBK
366 _f27
654 _alinux
245 _aLinux Lab:Hands on Linux
260 _bDreamtech
_c2012
082 _a5.133
_bAMB
300 _a274
546 _aENGLISH
_celectronics
999 _c27530
_d27530